000 00740nam a2200205Ia 4500
001 5504
003 GE_BSU
008 181216s||||||||xx |||||||||||||| ||und||
040 _cGE_BSU
080 _a510.6(075.8)
100 _aИгошин В.И.
245 _aЗадачник-практикум по математической логике.
245 _bУчеб. пособие для студентов физ.-мат. фак. пед.ин-тов. московски гос. заоч пед. ин-ут.
260 _aМосква
260 _bПросвещение
260 _c1986
300 _a157 с. 22 см.
653 _aЗадачник-практикум по математической логике.
942 _cBK
999 _c39010
_d39010